00494nam a2200181Ia 450000500170000000800410001702000150005808200150007310000130008824500290010126000220013030000120015265000150016465000170017994200060019695200950020299900150029720250704013513.0240331s9999 xx 000 0 und d a9559509926 bCOOa92096 aCooray,S 0aVidyakyo ha darshanikayo aKottebGold Press a96 p ., aScientists aPhilosophers cL 001040708LaWERCLbWERCLcSSCd2024-03-31l0o 920 COOp3337r2024-03-31w2024-03-31yL c5345d5345